Normal view
MARC view
- Porter, Lyman W Black, Stewart
Entry Corporate Name
001 - CONTROL NUMBER
- control field: 112296
003 - CONTROL NUMBER IDENTIFIER
- control field: NUST
005 - DATE AND TIME OF LATEST TRANSACTION
- control field: 20230515115525.0
008 - FIXED-LENGTH DATA ELEMENTS
- fixed length control field: 230515|| aca||aabn | a|a d
040 ## - CATALOGING SOURCE
- Original cataloging agency: NUST
- Transcribing agency: NUST
110 ## - HEADING--CORPORATE NAME
- Corporate name or jurisdiction name as entry element: Porter, Lyman W Black, Stewart
670 ## - SOURCE DATA FOUND
- Source citation: Work cat.: (NUST): Hitt, Michael A 112295, Management, 2009.
